Slovak First, Second League Football Teams - Statistics

General Stats
  • This quiz has been taken 28 times
  • The average score is 21 of 26
Answer Stats
Answer % Correct
ŠK Slovan Bratislava
100%
FC Košice
96%
FC Spartak Trnava
96%
FC Tatran Prešov
96%
MFK Dukla Banská Bystrica
96%
MFK Zemplín Michalovce
96%
MŠK Žilina
96%
AS Trenčín
92%
DAC Dunajská Streda
92%
FK Železiarne Podbrezová
92%
KFC Komárno
88%
MFK Ružomberok
88%
MFK Skalica
88%
FC Vion Zlaté Moravce
80%
MFK Tatran Liptovský Mikuláš
80%
FC Petržalka
76%
FK Humenné
72%
MŠK Považská Bystrica
68%
FC ŠTK Šamorín
64%
MFK Zvolen
64%
MŠK Púchov
64%
MŠK Žilina B
64%
FK Pohronie
60%
OFK Dynamo Malženice
60%
Red Fox Stará Ľubovňa
60%
ŠK Slovan Bratislava B
60%
No matching quizzes found
Score Distribution
Percent of People with Each Score
Percentile by Number Answered
Your Score History
You have not taken this quiz